On This Day: October 8th Quiz Stats

 Plays Quiz Updated Oct 8, 2017

Challenge
Share
Tweet
Embed
Score 0/7 Timer 03:00
0 Plays Today
Question Answer Wrong Answers
This American actor and screenwriter, who rose to prominence in 1997 when he wrote and starred in ‘Good Will Hunting’, is born.
1970
Matt Damon
91%
Mark Wahlberg
2.4%
Brad Pitt
2.4%
Matthew McConaughey
2.9%
This musical composed by Andrew Lloyd Webber opens on Broadway, running for nearly 18 years before closing in 2000.
1982
Cats
90.1%
Beauty and the Beast
2.2%
The Wiz
2.1%
Guys and Dolls
4%
Following the attacks of September 11th, US President George W. Bush announces the establishment of the Office of ______ Security.
2001
Homeland
89.4%
National
6.5%
International
1.4%
Global
0.8%
This Argentine guerrilla leader and Marxist revolutionary is captured in Bolivia. He is executed the next day.
1967
Che Guevara
82.4%
Hugo Chávez
12.7%
Camilo Cienfuegos
2%
Alberto Granado
2%
After successful votes in favor of independence, Croatia and Slovenia sever constitutional relations with ______.
1991
Yugoslavia
66.7%
Czechoslovakia
11.3%
Soviet Union
18.5%
Turkey
1.6%
Montenegro declares war against the Ottoman Empire, starting this conflict.
1912
First Balkan War
59.5%
Serbo-Bulgarian War
13.4%
Greco-Turkish War
13.3%
Franco-Turkish War
13.7%
This player for the New York Yankees pitches the only perfect game in World Series history.
1956
Don Larsen
44.3%
Whitey Ford
12.1%
Don Drysdale
12.3%
Sandy Koufax
30.7%

Today's Daily Dose

Missing Word
Britpop Albums

Word Ladder
Sing It!

On This Day
December 14th II

You're not logged in!

Compare scores with friends on all Sporcle quizzes.
OR
Log In

You Might Also Like...

Show Comments

Extras

Top Quizzes Today


Score Distribution

Your Account Isn't Verified!

In order to create a playlist on Sporcle, you need to verify the email address you used during registration. Go to your Sporcle Settings to finish the process.

Report this User

Report this user for behavior that violates our Community Guidelines.

Details: